| 000 | 00730nam a22002177a 4500 | ||
|---|---|---|---|
| 005 | 20180904103755.0 | ||
| 010 | _aENG-123907 | ||
| 020 |
_c700.00 _a9788179103678 |
||
| 035 | _aEN-107439 | ||
| 037 | _bDBAD/PUB | ||
| 082 | _a658.421 | ||
| 100 | _aKaushik, Rajesh | ||
| 245 |
_aEntrepreneurship : _cby Rajesh Kaushik; Upendra Kaushik [and] K.K. Goyal _bsucessfully launching new ventures / |
||
| 260 |
_c2011 _aJaipur (Raj.) _bAavishkar Publishers, Distributors |
||
| 270 |
_a807, Vyas Building, Chaura Rasta, _bJaipur (Raj.) _e302003 |
||
| 300 |
_c21cm.(Hb.) _aviii,199p. |
||
| 500 | _aIt includes bibliography | ||
| 700 | _aKaushik, Upendra | ||
| 700 | _aGoyal, K.K. | ||
| 942 |
_cEN _2ddc _mKAU _h658.421 |
||
| 999 |
_c156646 _d156646 |
||